[Event "Internet Section 10A g/8'+2\""]
[Site "Dos Hermanas"]
[Date "2004.03.10"]
[Round "2"]
[White "Riis, Jens"]
[Black "Kaspersen, Morten"]
[Result "1-0"]
[WhiteElo "2109"]
[BlackElo "2200"]
[PlyCount "65"]
[EventDate "2004.03.10"]
[EventType "swiss (blitz)"]
[EventRounds "9"]
[EventCountry "ESP"]
[SourceTitle "EXT 2005"]
[Source "ChessBase"]
[SourceDate "2004.11.15"]
[SourceVersion "1"]
[SourceVersionDate "2004.11.15"]
[SourceQuality "1"]

1. d4 Nf6 2. Nf3 g6 3. Bf4 Bg7 4. e3 0-0 5. Be2 d6 6. h3 Nc6 7. 0-0 Nd7 8. c3 e5 9. Bh2 f5 10. a4 f4 11. dxe5 dxe5 12. exf4 exf4 13. Na3 a6 14. Nc4 Qf6 15. Re1 Kh8 16. Qd5 Nb6 17. Nxb6 cxb6 18. Rad1 h6 19. Nd4 Nxd4 20. Rxd4 g5 21. h4 Qc6 22. hxg5 hxg5 23. Qxc6 bxc6 24. Rd6 Rf6 25. Red1 Bf5 26. g3 Rxd6 27. Rxd6 Re8 28. Bxa6 Re1+ 29. Kg2 Be4+ 30. f3 Bd5 31. gxf4 gxf4 32. Bxf4 Rb1 33. Rd8+ 1-0

[Event "Politiken Cup 19th"]
[Site "Copenhagen"]
[Date "1997.07.16"]
[Round "11"]
[White "Mortensen, Henrik"]
[Black "Kaspersen, Morten"]
[Result "0-1"]
[WhiteElo "2080"]
[BlackElo "2200"]
[PlyCount "38"]
[EventDate "1997.07.??"]
[EventType "swiss"]
[EventRounds "11"]
[EventCountry "DEN"]
[SourceTitle "EXT 2000"]
[Source "ChessBase"]
[SourceDate "1999.11.16"]
[SourceVersion "1"]
[SourceVersionDate "1999.11.16"]
[SourceQuality "1"]

1. e4 g6 2. d4 Bg7 3. Nc3 d6 4. Nge2 Nf6 5. g3 0-0 6. Bg2 c6 7. a4 Nbd7 8. h3 e5 9. Be3 Qa5 10. 0-0 Re8 11. Re1 Nb6 12. Qd3 d5 13. dxe5 Nxe4 14. Nxe4 dxe4 15. Bxe4 Qxe5 16. Bg2 Bf5 17. Qb3 Be6 18. Qc3 Qxc3 19. Nxc3 Nc4 0-1

[Event "Politiken Cup 19th"]
[Site "Copenhagen"]
[Date "1997.07.10"]
[Round "6"]
[White "Bekker Jensen, Simon"]
[Black "Kaspersen, Morten"]
[Result "1-0"]
[WhiteElo "2305"]
[BlackElo "2200"]
[PlyCount "77"]
[EventDate "1997.07.??"]
[EventType "swiss"]
[EventRounds "11"]
[EventCountry "DEN"]
[SourceTitle "EXT 2000"]
[Source "ChessBase"]
[SourceDate "1999.11.16"]
[SourceVersion "1"]
[SourceVersionDate "1999.11.16"]
[SourceQuality "1"]

1. d4 e6 2. c4 b6 3. Nc3 Bb7 4. a3 f5 5. d5 Nf6 6. g3 Na6 7. Bg2 Nc5 8. Nh3 Bd6 9. 0-0 Be5 10. Qc2 Bxc3 11. Qxc3 exd5 12. cxd5 0-0 13. Bf4 Bxd5 14. Bxc7 Qxc7 15. Bxd5+ Nxd5 16. Qc4 Kh8 17. Qxd5 Rae8 18. e3 Re5 19. Qc4 Qb7 20. Rfd1 Ne6 21. Rac1 Qf3 22. b4 f4 23. exf4 Rh5 24. Rxd7 Qg4 25. Re7 Qxh3 26. Rxe6 Qxh2+ 27. Kf1 Qh3+ 28. Ke2 Qg4+ 29. Ke3 b5 30. Qc8 Rhf5 31. Re8 Re5+ 32. fxe5 Qf3+ 33. Kd4 Qxf2+ 34. Kd5 Qf7+ 35. Qe6 Qxe8 36. Qxe8 Rxe8 37. Kd6 Kg8 38. e6 g5 39. Kd7 1-0

[Event "Politiken Cup 19th"]
[Site "Copenhagen"]
[Date "1997.07.09"]
[Round "5"]
[White "Kaspersen, Morten"]
[Black "Adamski, Jan"]
[Result "0-1"]
[WhiteElo "2200"]
[BlackElo "2390"]
[PlyCount "64"]
[EventDate "1997.07.??"]
[EventType "swiss"]
[EventRounds "11"]
[EventCountry "DEN"]
[SourceTitle "EXT 2000"]
[Source "ChessBase"]
[SourceDate "1999.11.16"]
[SourceVersion "1"]
[SourceVersionDate "1999.11.16"]
[SourceQuality "1"]

1. d4 Nf6 2. c4 e6 3. Nc3 Bb4 4. Qc2 c5 5. dxc5 Qc7 6. a3 Bxc5 7. Nf3 a6 8. e3 Be7 9. Be2 d6 10. b4 Nbd7 11. Bb2 b6 12. 0-0 Bb7 13. Rac1 Rc8 14. Qb1 0-0 15. Ng5 Qb8 16. Bd3 h6 17. f4 hxg5 18. fxg5 Nh5 19. Bh7+ Kh8 20. Rxf7 Rxf7 21. Qg6 Bxg5 22. Nd5 Bxd5 23. Qxh5 Nf6 24. Qxf7 Kxh7 25. Bxf6 Bxf6 26. Rf1 Qb7 27. Qh5+ Kg8 28. cxd5 Qxd5 29. Qg6 Qe5 30. h4 Qxe3+ 31. Kh1 Rf8 32. Qg4 Bd4 0-1

[Event "Politiken Cup 19th"]
[Site "Copenhagen"]
[Date "1997.07.08"]
[Round "4"]
[White "Ferenc, Janusz"]
[Black "Kaspersen, Morten"]
[Result "0-1"]
[WhiteElo "2290"]
[BlackElo "2200"]
[PlyCount "106"]
[EventDate "1997.07.??"]
[EventType "swiss"]
[EventRounds "11"]
[EventCountry "DEN"]
[SourceTitle "EXT 2000"]
[Source "ChessBase"]
[SourceDate "1999.11.16"]
[SourceVersion "1"]
[SourceVersionDate "1999.11.16"]
[SourceQuality "1"]

1. b3 Nf6 2. Bb2 g6 3. e4 d6 4. g3 Bg7 5. Bg2 0-0 6. Ne2 e5 7. 0-0 Re8 8. c4 Nc6 9. Re1 a6 10. d4 b5 11. d5 Na5 12. Nd2 c5 13. dxc6 Nxc6 14. Nc3 b4 15. Nd5 Nd7 16. a3 Nc5 17. Bf1 Bh6 18. f4 Rb8 19. axb4 Nxb4 20. Nxb4 Rxb4 21. Bc3 Qb6 22. Bxb4 Qxb4 23. Qc2 exf4 24. Nf3 fxg3 25. hxg3 Bb7 26. Bd3 Qxb3 27. Qxb3 Nxb3 28. Rad1 Nc5 29. Bc2 Bf8 30. Rd4 Ra8 31. Rdd1 a5 32. Ra1 Bg7 33. Ra2 f5 34. exf5 Bxf3 35. fxg6 Bd4+ 36. Kh2 hxg6 37. Bxg6 Be5 38. Rf1 Kg7 39. Rxf3 Kxg6 40. Kg2 a4 41. Kf1 Rb8 42. Ke2 Rb3 43. Rxb3 axb3 44. Ra8 b2 45. Rb8 Ne4 46. Kd3 Nxg3 47. Kc2 Kf5 48. Rb5 Ne4 49. Rb8 Nc5 50. Rg8 Ke4 51. Rg4+ Ke3 52. Rh4 Ne4 53. Rh3+ Ke2 0-1

[Event "Politiken Cup 16th"]
[Site "Copenhagen"]
[Date "1994.??.??"]
[Round "2"]
[White "Borge, Nikolaj"]
[Black "Kaspersen, Morten"]
[Result "1-0"]
[WhiteElo "2400"]
[BlackElo "2220"]
[PlyCount "49"]
[EventDate "1994.06.??"]
[EventType "swiss"]
[EventRounds "10"]
[EventCountry "DEN"]
[SourceTitle "EXT 1999"]
[Source "ChessBase"]
[SourceDate "1998.11.16"]
[SourceVersion "1"]
[SourceVersionDate "1998.11.16"]
[SourceQuality "1"]

1. e4 c5 2. Nf3 a6 3. c3 e6 4. d4 d5 5. e5 Bd7 6. Bd3 Bb5 7. Bxb5+ axb5 8. dxc5 Bxc5 9. b4 Bb6 10. Na3 Ne7 11. Nxb5 Nbc6 12. Nd6+ Kf8 13. Ng5 Nxe5 14. Ndxf7 Qc8 15. Nxh8 Qxc3+ 16. Bd2 Nd3+ 17. Kf1 Qc4 18. Qe2 Nxf2 19. Nhf7 Nxh1 20. Ne5 Qh4 21. Nd7+ Kg8 22. Qxe6+ Kh8 23. Nf7+ Kg8 24. Nh6+ Kh8 25. Qg8+ 1-0

[Event "Politiken Cup 16th"]
[Site "Copenhagen"]
[Date "1994.??.??"]
[Round "7"]
[White "Kaspersen, Morten"]
[Black "Harestad, Hans Krogh"]
[Result "1-0"]
[WhiteElo "2220"]
[BlackElo "1990"]
[PlyCount "33"]
[EventDate "1994.06.??"]
[EventType "swiss"]
[EventRounds "10"]
[EventCountry "DEN"]
[SourceTitle "EXT 1999"]
[Source "ChessBase"]
[SourceDate "1998.11.16"]
[SourceVersion "1"]
[SourceVersionDate "1998.11.16"]
[SourceQuality "1"]

1. d4 Nf6 2. c4 g6 3. Nc3 Bg7 4. e4 d6 5. f3 0-0 6. Be3 e5 7. Nge2 c6 8. Qd2 Nbd7 9. 0-0-0 exd4 10. Nxd4 Ne5 11. Bh6 Bxh6 12. Qxh6 a6 13. c5 d5 14. exd5 cxd5 15. g4 Qc7 16. Qg5 Kg7 17. Qxf6+ 1-0

[Event "Farum op"]
[Site "Farum"]
[Date "1993.??.??"]
[Round "1"]
[White "Berg, Klaus"]
[Black "Kaspersen, Morten"]
[Result "1/2-1/2"]
[WhiteElo "2390"]
[BlackElo "2250"]
[PlyCount "82"]
[EventDate "1993.10.??"]
[EventType "swiss"]
[EventRounds "9"]
[EventCountry "DEN"]
[SourceTitle "TD"]
[Source "ChessBase"]
[SourceDate "1994.03.01"]
[SourceVersion "1"]
[SourceVersionDate "1994.03.01"]
[SourceQuality "1"]

1. e4 g6 2. d4 Bg7 3. Nc3 d6 4. Be3 a6 5. f4 Nf6 6. Nf3 0-0 7. Be2 b5 8. e5 Ng4 9. Bg1 Bb7 10. Qd3 c5 11. dxc5 dxe5 12. h3 Qa5 13. hxg4 e4 14. Qe3 exf3 15. Bxf3 Bxf3 16. Qxf3 Nc6 17. Bf2 Rad8 18. Qh3 h6 19. 0-0 Qb4 20. Nd1 Qxf4 21. Be3 Qe4 22. Bxh6 Bxh6 23. Qxh6 Qxc2 24. Rc1 Qd2 25. Qxd2 Rxd2 26. Rf2 Rfd8 27. Rxd2 Rxd2 28. Kf1 Kf8 29. a3 Ke8 30. b4 Kd7 31. Ne3 Rd3 32. Nc2 Nd4 33. Ne1 Rd2 34. Rc3 Kc6 35. Nf3 Nxf3 36. Rxf3 f6 37. Re3 Kd7 38. c6+ Kxc6 39. Rxe7 Rd6 40. Ke2 Kd5 41. Kd3 g5 1/2-1/2

[Event "Farum op"]
[Site "Farum"]
[Date "1993.??.??"]
[Round "7"]
[White "Isaksen, Brian"]
[Black "Kaspersen, Morten"]
[Result "1-0"]
[WhiteElo "2245"]
[BlackElo "2250"]
[PlyCount "87"]
[EventDate "1993.10.??"]
[EventType "swiss"]
[EventRounds "9"]
[EventCountry "DEN"]
[SourceTitle "TD"]
[Source "ChessBase"]
[SourceDate "1994.03.01"]
[SourceVersion "1"]
[SourceVersionDate "1994.03.01"]
[SourceQuality "1"]

1. e4 g6 2. d4 Bg7 3. Nc3 d6 4. f4 Nc6 5. Be3 Nf6 6. Nf3 0-0 7. e5 Ng4 8. Bg1 dxe5 9. dxe5 Qxd1+ 10. Rxd1 f6 11. Nb5 fxe5 12. Nxc7 Rb8 13. Bc4+ Kh8 14. h3 Nh6 15. fxe5 Nxe5 16. Nxe5 Bxe5 17. Bd4 Bxd4 18. Rxd4 Nf5 19. 0-0 b5 20. Bb3 Bb7 21. Rd2 Rfd8 22. Rfd1 Rxd2 23. Rxd2 Bc6 24. Ne6 Nd6 25. Re2 Nf5 26. g4 Nh4 27. Nd4 Ba8 28. Rxe7 a6 29. c3 h6 30. Ne6 Nf3+ 31. Kf2 Nd2 32. Bc2 Be4 33. Bxe4 Nxe4+ 34. Ke3 Nd6 35. b3 h5 36. Nf4 hxg4 37. Nxg6+ Kg8 38. hxg4 Rc8 39. Rd7 Re8+ 40. Kd3 Nf7 41. Kd4 Re6 42. Nf4 Rf6 43. Nd3 Rf3 44. Ra7 1-0

[Event "Gladsaxe"]
[Site "Gladsaxe"]
[Date "1993.??.??"]
[Round "1"]
[White "Kaspersen, Morten"]
[Black "Jensen, Soren Holm"]
[Result "1-0"]
[WhiteElo "2215"]
[BlackElo "2000"]
[PlyCount "35"]
[EventDate "1993.??.??"]
[EventType "swiss"]
[EventRounds "9"]
[EventCountry "DEN"]
[SourceTitle "EXT 2000"]
[Source "ChessBase"]
[SourceDate "1999.11.16"]
[SourceVersion "1"]
[SourceVersionDate "1999.11.16"]
[SourceQuality "1"]

1. d4 Nf6 2. c4 g6 3. Nc3 Bg7 4. e4 d6 5. f4 0-0 6. Nf3 c5 7. d5 e6 8. Be2 exd5 9. cxd5 Re8 10. e5 dxe5 11. fxe5 Ng4 12. Bg5 f6 13. exf6 Bxf6 14. Qd2 Bxg5 15. Qxg5 Qxg5 16. Nxg5 Ne3 17. Kf2 Bg4 18. Nge4 1-0

[Event "Farum op"]
[Site "Farum"]
[Date "1993.??.??"]
[Round "6"]
[White "Kaspersen, Morten"]
[Black "Pedersen, Steffen"]
[Result "0-1"]
[WhiteElo "2250"]
[BlackElo "2385"]
[PlyCount "66"]
[EventDate "1993.10.??"]
[EventType "swiss"]
[EventRounds "9"]
[EventCountry "DEN"]
[SourceTitle "TD"]
[Source "ChessBase"]
[SourceDate "1994.03.01"]
[SourceVersion "1"]
[SourceVersionDate "1994.03.01"]
[SourceQuality "1"]

1. d4 f5 2. g4 d5 3. g5 e6 4. h4 c5 5. c3 Nc6 6. f4 Bd7 7. e3 Qb6 8. Nf3 Bd6 9. Na3 a6 10. Nc2 Nge7 11. Bg2 0-0-0 12. h5 h6 13. g6 Rhf8 14. 0-0 Ng8 15. Ne5 Be8 16. Bd2 Kb8 17. Be1 Rc8 18. Kh1 Nf6 19. Rb1 Ne7 20. Bh4 Neg8 21. Rf2 cxd4 22. exd4 Ne4 23. Bxe4 fxe4 24. Ne3 Bxe5 25. fxe5 Rxf2 26. Bxf2 Bb5 27. Qg4 Bd3 28. Rg1 Qxb2 29. Nd1 Qxa2 30. Qxe6 Be2 31. Qf7 Bf3+ 32. Kh2 Qd2 33. e6 Bxd1 0-1

[Event "Gladsaxe"]
[Site "Gladsaxe"]
[Date "1993.??.??"]
[Round "2"]
[White "Marcussen, Anders"]
[Black "Kaspersen, Morten"]
[Result "1-0"]
[WhiteElo "2110"]
[BlackElo "2215"]
[PlyCount "77"]
[EventDate "1993.??.??"]
[EventType "swiss"]
[EventRounds "9"]
[EventCountry "DEN"]
[SourceTitle "EXT 2000"]
[Source "ChessBase"]
[SourceDate "1999.11.16"]
[SourceVersion "1"]
[SourceVersionDate "1999.11.16"]
[SourceQuality "1"]

1. d4 Nf6 2. Nf3 g6 3. c4 Bg7 4. Nc3 0-0 5. e4 d6 6. Be2 Qe8 7. 0-0 e5 8. d5 Nh5 9. Be3 Nf4 10. c5 Na6 11. cxd6 cxd6 12. Nb5 Qe7 13. Nxa7 Bg4 14. Bxa6 Rxa7 15. Be2 Raa8 16. h3 Bh5 17. Re1 f5 18. Bxf4 fxe4 19. Bg5 Bf6 20. Bxf6 Qxf6 21. Nd2 Qxf2+ 22. Kh1 Bf3 23. Bxf3 exf3 24. Nxf3 Qxb2 25. Qd2 Qxd2 26. Nxd2 Ra5 27. Ne4 Rxd5 28. Red1 Rxd1+ 29. Rxd1 Ra8 30. Rd2 Kf8 31. Nxd6 Rd8 32. Rf2+ Ke7 33. Nxb7 Rd5 34. Rc2 Rb5 35. Rc7+ Ke6 36. Rxh7 e4 37. Nd8+ Kd5 38. Rd7+ Kc4 39. Nf7 1-0

[Event "Naestved op"]
[Site "Naestved"]
[Date "1988.??.??"]
[Round "?"]
[White "Kaspersen, Morten"]
[Black "Brynell, Stellan"]
[Result "0-1"]
[WhiteElo "2250"]
[BlackElo "2385"]
[PlyCount "88"]
[EventDate "1988.07.??"]
[EventType "swiss"]
[EventRounds "9"]
[EventCountry "DEN"]
[SourceTitle "EXT 2000"]
[Source "ChessBase"]
[SourceDate "1999.11.16"]
[SourceVersion "1"]
[SourceVersionDate "1999.11.16"]
[SourceQuality "1"]

1. d4 e6 2. c4 Nf6 3. Nf3 b6 4. a3 Bb7 5. Nc3 g6 6. Bg5 Bg7 7. e3 h6 8. Bh4 0-0 9. Be2 d6 10. 0-0 g5 11. Bg3 Nh5 12. Nd2 Nxg3 13. hxg3 f5 14. Bf3 Bxf3 15. Qxf3 Nd7 16. Qc6 Nf6 17. c5 bxc5 18. dxc5 Qd7 19. Qxd7 Nxd7 20. cxd6 cxd6 21. Nb5 Rab8 22. Nxd6 Bxb2 23. Ra2 Ne5 24. N2c4 Nxc4 25. Nxc4 Bf6 26. Rc1 Rfc8 27. Kf1 Kf8 28. Rac2 Rc5 29. Nd2 Rxc2 30. Rxc2 Rb7 31. Ke2 Ke7 32. Kd3 Kd7 33. Kc4 Be7 34. Ra2 Rc7+ 35. Kd3 Rc1 36. Nc4 Bf6 37. Rc2 Rb1 38. Rd2 Rb5 39. f4 Kc6 40. Rc2 Rb3+ 41. Ke2 Kd5 42. e4+ fxe4 43. Ne3+ Kd6 44. a4 Bd4 0-1

[Event "Politiken Cup 09th "]
[Site "Copenhagen"]
[Date "1987.??.??"]
[Round "6"]
[White "Agustsson, Johannes"]
[Black "Kaspersen, Morten"]
[Result "1-0"]
[WhiteElo "2275"]
[BlackElo "2215"]
[PlyCount "89"]
[EventDate "1987.06.??"]
[EventType "swiss"]
[EventRounds "10"]
[EventCountry "DEN"]
[SourceTitle "EXT 1997"]
[Source "ChessBase"]
[SourceDate "1996.11.15"]
[SourceVersion "1"]
[SourceVersionDate "1996.11.15"]
[SourceQuality "1"]

1. e4 e6 2. d4 d5 3. e5 c5 4. c3 Qb6 5. Nf3 Bd7 6. Be2 Bb5 7. c4 Bxc4 8. Bxc4 Qb4+ 9. Nbd2 dxc4 10. a3 Qb5 11. Qe2 cxd4 12. Nxd4 Qd5 13. N4f3 Nd7 14. Qxc4 Ne7 15. 0-0 Rc8 16. Qf4 Ng6 17. Qa4 a6 18. Re1 Be7 19. Nf1 Rc4 20. Qb3 Rc5 21. Qa4 Rc4 22. Qb3 Rc5 23. Qa4 Qc6 24. Qg4 0-0 25. Qg3 Rc4 26. Bd2 Qc7 27. Bc3 Bh4 28. Nxh4 Nxh4 29. Ne3 Re4 30. Rac1 Qb6 31. Bb4 Re8 32. Nc4 Rxe1+ 33. Rxe1 Qd4 34. Nd6 Nf5 35. Nxf5 exf5 36. Bc3 Qg4 37. Qd3 Nf8 38. Qd5 b5 39. h3 Qg6 40. Rd1 Qe6 41. Qb7 Qc8 42. Qb6 Re6 43. Rd8 Qc4 44. Qb8 Qc5 45. Qc8 1-0

[Event "Politiken Cup 09th "]
[Site "Copenhagen"]
[Date "1987.??.??"]
[Round "10"]
[White "Kaspersen, Morten"]
[Black "Knudsen, John"]
[Result "1-0"]
[WhiteElo "2215"]
[BlackElo "2215"]
[PlyCount "62"]
[EventDate "1987.06.??"]
[EventType "swiss"]
[EventRounds "10"]
[EventCountry "DEN"]
[SourceTitle "EXT 1997"]
[Source "ChessBase"]
[SourceDate "1996.11.15"]
[SourceVersion "1"]
[SourceVersionDate "1996.11.15"]
[SourceQuality "1"]

1. d4 f5 2. c4 Nf6 3. Nc3 g6 4. Bg5 Bg7 5. Qd2 Nc6 6. 0-0-0 h6 7. Bxf6 exf6 8. e3 d6 9. Bd3 Nb4 10. Nf3 g5 11. Bb1 Be6 12. d5 Bd7 13. Nd4 Qc8 14. Nce2 a5 15. Ng3 c5 16. dxc6 bxc6 17. Ndxf5 Nxa2+ 18. Bxa2 Bxf5 19. Nxf5 Qxf5 20. Qxd6 Qc8 21. c5 Ra7 22. Be6 Qc7 23. Qd3 Ke7 24. Qg6 Kxe6 25. Rd6+ Qxd6 26. cxd6 Kxd6 27. Rd1+ Kc5 28. Qc2+ Kb6 29. Qb3+ Ka6 30. Qe6 Rc7 31. Rd7 Rhc8 1-0

[Event "Politiken Cup 09th "]
[Site "Copenhagen"]
[Date "1987.??.??"]
[Round "7"]
[White "Kaspersen, Morten"]
[Black "Poulsen, Allan"]
[Result "0-1"]
[WhiteElo "2215"]
[BlackElo "2330"]
[PlyCount "146"]
[EventDate "1987.06.??"]
[EventType "swiss"]
[EventRounds "10"]
[EventCountry "DEN"]
[SourceTitle "EXT 1997"]
[Source "ChessBase"]
[SourceDate "1996.11.15"]
[SourceVersion "1"]
[SourceVersionDate "1996.11.15"]
[SourceQuality "1"]

1. d4 Nf6 2. c4 g6 3. Nf3 Bg7 4. g3 0-0 5. Bg2 d5 6. cxd5 Nxd5 7. 0-0 Nb6 8. Nc3 Nc6 9. e3 e5 10. d5 Na5 11. e4 c6 12. Qe2 cxd5 13. Nxd5 Nxd5 14. Rd1 Nc3 15. bxc3 Qc7 16. Ba3 Re8 17. Qb5 Nc6 18. Rd5 Be6 19. Bd6 Qb6 20. Qxb6 axb6 21. Rb5 Rxa2 22. Rxa2 Bxa2 23. Bf1 Rd8 24. Bc7 Rd1 25. Rb2 Bc4 26. Nd2 Ba6 27. Kg2 b5 28. Nb1 Na7 29. Bb6 Nc8 30. Bc5 Bf8 31. Bxf8 Kxf8 32. Bxb5 Bxb5 33. Rxb5 Nd6 34. Rb4 Rc1 35. Kf3 f5 36. exf5 gxf5 37. Ke3 Ke7 38. h4 Ke6 39. Kd2 Rh1 40. Na3 Ne4+ 41. Ke3 Re1+ 42. Kf3 Rc1 43. Rb6+ Kd5 44. Nb5 Rc2 45. c4+ Kc5 46. Re6 Nd2+ 47. Kg2 Nxc4 48. Nc7 b5 49. Na6+ Kd5 50. Rh6 Kd4 51. Rxh7 e4 52. Rd7+ Ke5 53. Rd5+ Kf6 54. Rxb5 Ne3+ 55. Kg1 Rc1+ 56. Kh2 Ng4+ 57. Kg2 Rc2 58. Rb6+ Ke5 59. Rb5+ Kd4 60. Kg1 Rxf2 61. Nc5 e3 62. Ne6+ Kd3 63. Rb3+ Kd2 64. Rb2+ Ke1 65. Rb1+ Ke2 66. Nd4+ Kd3 67. Ne6 Rc2 68. h5 Ra2 69. Rb3+ Ke4 70. Rb1 Ke5 71. Nf4 Nh2 72. h6 Nf3+ 73. Kf1 Rf2# 0-1

[Event "Politiken Cup 09th "]
[Site "Copenhagen"]
[Date "1987.??.??"]
[Round "8"]
[White "Kaspersen, Morten"]
[Black "Way, Julian M"]
[Result "1-0"]
[WhiteElo "2215"]
[BlackElo "2300"]
[PlyCount "67"]
[EventDate "1987.06.??"]
[EventType "swiss"]
[EventRounds "10"]
[EventCountry "DEN"]
[SourceTitle "EXT 1997"]
[Source "ChessBase"]
[SourceDate "1996.11.15"]
[SourceVersion "1"]
[SourceVersionDate "1996.11.15"]
[SourceQuality "1"]

1. c4 e6 2. d4 d5 3. Nc3 Be7 4. cxd5 exd5 5. Bf4 Nf6 6. e3 0-0 7. Bd3 c5 8. Nge2 Nc6 9. h3 Be6 10. Rc1 cxd4 11. Nxd4 Nxd4 12. exd4 Qb6 13. Qd2 Ne4 14. Bxe4 dxe4 15. 0-0 Rad8 16. Rfd1 Rd7 17. d5 f5 18. Qc2 Bf7 19. Qa4 Rfd8 20. d6 Bxd6 21. Bg5 e3 22. fxe3 f4 23. Bxd8 Qxe3+ 24. Kh1 Rxd8 25. Qe4 Qg3 26. Qf3 Qh4 27. Qg4 Qh6 28. Qf3 Kh8 29. Ne4 Bh5 30. Nxd6 Qe6 31. Qxh5 g6 32. Qe5+ Qxe5 33. Nf7+ Kg7 34. Nxe5 1-0

[Event "Politiken Cup 09th "]
[Site "Copenhagen"]
[Date "1987.??.??"]
[Round "2"]
[White "Kristensen, Kaare Hove"]
[Black "Kaspersen, Morten"]
[Result "0-1"]
[WhiteElo "2330"]
[BlackElo "2215"]
[PlyCount "94"]
[EventDate "1987.06.??"]
[EventType "swiss"]
[EventRounds "10"]
[EventCountry "DEN"]
[SourceTitle "EXT 1997"]
[Source "ChessBase"]
[SourceDate "1996.11.15"]
[SourceVersion "1"]
[SourceVersionDate "1996.11.15"]
[SourceQuality "1"]

1. d4 d5 2. c4 c6 3. Nc3 Nf6 4. Nf3 dxc4 5. Ne5 Nbd7 6. Nxc4 b5 7. Nd2 Bb7 8. e4 e5 9. dxe5 Nxe5 10. Qc2 Bc5 11. h3 0-0 12. Be2 b4 13. Na4 Bd4 14. Nb3 c5 15. Naxc5 Rc8 16. Nxd4 Bxe4 17. Nxe4 Rxc2 18. Nxf6+ Qxf6 19. Nxc2 Qf5 20. Ne3 Nd3+ 21. Kd2 Qb5 22. Bxd3 Rd8 23. Rd1 Rxd3+ 24. Ke1 f5 25. Rxd3 Qxd3 26. g3 g5 27. f3 h5 28. a3 b3 29. a4 h4 30. gxh4 f4 31. Nf1 gxh4 32. Bxf4 Qxf3 33. Be3 Qg2 34. Bf2 Qxh3 35. Bxa7 Qe6+ 36. Be3 h3 37. Kd2 Qe5 38. Rb1 h2 39. Nxh2 Qxh2+ 40. Kc3 Qc2+ 41. Kb4 Qxb1 42. Bd4 Qe4 43. Kc5 Kf7 44. a5 Ke6 45. Bc3 Kd7 46. Kb5 Qd5+ 47. Ka4 Qc4+ 0-1

[Event "Politiken Cup 08th"]
[Site "Copenhagen"]
[Date "1986.??.??"]
[Round "10"]
[White "Kaspersen, Morten"]
[Black "Mathe, Gaspar"]
[Result "0-1"]
[WhiteElo "2215"]
[BlackElo "2310"]
[PlyCount "121"]
[EventDate "1986.06.??"]
[EventType "swiss"]
[EventRounds "10"]
[EventCountry "DEN"]
[SourceTitle "EXT 1997"]
[Source "ChessBase"]
[SourceDate "1996.11.15"]
[SourceVersion "1"]
[SourceVersionDate "1996.11.15"]
[SourceQuality "1"]

1. c4 e6 2. Nf3 d5 3. g3 Nf6 4. Bg2 Be7 5. 0-0 0-0 6. b3 dxc4 7. bxc4 c5 8. d3 Nc6 9. Nbd2 Rb8 10. Bb2 b6 11. Ne5 Nxe5 12. Bxe5 Bd6 13. Bc3 Nd7 14. a4 Be5 15. Qc2 a5 16. Rab1 Bb7 17. Bxb7 Rxb7 18. Bxa5 Qa8 19. Bc3 Bxc3 20. Qxc3 Qxa4 21. Rb5 Qa8 22. Ra1 Ra7 23. Rbb1 h5 24. Rxa7 Qxa7 25. Ra1 Qb7 26. Qa3 h4 27. Qa7 Qc6 28. Qa4 Qc7 29. Qb5 Qe5 30. Ra2 hxg3 31. Qxd7 gxh2+ 32. Kh1 Qxe2 33. Qc6 Qxf2 34. Qg2 Qd4 35. Ne4 Rd8 36. Nf2 Qe3 37. Qe4 Qxe4+ 38. dxe4 Rd4 39. Rc2 g5 40. Kxh2 f5 41. Kg3 Kf7 42. Kf3 Kf6 43. Ke3 Kg6 44. Rc3 Kh5 45. Rc1 Kg6 46. Kf3 g4+ 47. Kg3 Kg5 48. exf5 exf5 49. Rc2 f4+ 50. Kg2 g3 51. Nh3+ Kg4 52. Ng1 Rd3 53. Rb2 f3+ 54. Nxf3 Rxf3 55. Rxb6 Rf2+ 56. Kg1 Rc2 57. Rg6+ Kf3 58. Rf6+ Ke3 59. Rg6 g2 60. Rd6 Rxc4 61. Kxg2 0-1

[Event "Politiken Cup 08th"]
[Site "Copenhagen"]
[Date "1986.??.??"]
[Round "8"]
[White "Knudsen, Per Bek"]
[Black "Kaspersen, Morten"]
[Result "1-0"]
[WhiteElo "2325"]
[BlackElo "2215"]
[PlyCount "47"]
[EventDate "1986.06.??"]
[EventType "swiss"]
[EventRounds "10"]
[EventCountry "DEN"]
[SourceTitle "EXT 1997"]
[Source "ChessBase"]
[SourceDate "1996.11.15"]
[SourceVersion "1"]
[SourceVersionDate "1996.11.15"]
[SourceQuality "1"]

1. Nf3 d5 2. g3 Nf6 3. Bg2 e6 4. 0-0 c5 5. b3 Nc6 6. Bb2 Be7 7. d3 0-0 8. Nbd2 b6 9. e4 Bb7 10. Qe2 Rc8 11. a4 a6 12. e5 Ne8 13. Ne1 b5 14. f4 c4 15. dxc4 bxc4 16. bxc4 Na5 17. Rb1 Nxc4 18. Bd4 Nxd2 19. Qxd2 Bc6 20. Bh3 Bxa4 21. f5 Rc6 22. Rb7 Nc7 23. f6 Bc5 24. Bxc5 1-0